|
|
|
|
| LEADER |
01003nam a2200277 a 4500 |
| 001 |
424 |
| 003 |
BD-DhAAL |
| 005 |
20150312094714.0 |
| 008 |
150312s1995 wiua b 001 0 eng |
| 010 |
|
|
|a 93074511
|
| 020 |
|
|
|a 0697201384
|
| 040 |
|
|
|a DLC
|c DLC
|d BD-DhAAL
|
| 050 |
0 |
0 |
|a TK5105
|b .G758 1995
|
| 082 |
0 |
0 |
|a 384.54/0973
|2 20
|
| 100 |
1 |
|
|a Gross, Lynne S.
|9 9436
|
| 245 |
1 |
0 |
|a Telecommunications :
|b an introduction to electronic media /
|c Lynne Schafer Gross.
|
| 250 |
|
|
|a 5th ed.
|
| 260 |
|
|
|a Madison, Wis. :
|b WCB Brown & Benchmark Publishers,
|c c1995.
|
| 300 |
|
|
|a xiii, 460 p. :
|b ill. (some col.) ;
|c 23 cm.
|
| 504 |
|
|
|a Includes bibliographical references (p. 420-437) and index.
|
| 541 |
|
|
|e 424
|
| 650 |
|
0 |
|a Telecommunication.
|9 9437
|
| 650 |
|
0 |
|a Broadcasting.
|9 9438
|
| 942 |
|
|
|2 ddc
|c BK
|
| 999 |
|
|
|c 33982
|d 33982
|
| 952 |
|
|
|0 0
|1 0
|2 ddc
|4 0
|6 384_540973000000000_GRO
|7 0
|9 53038
|a SCL
|b SCL
|c GEN
|d 2015-03-12
|e Gift: The Asia Foundation
|l 0
|o 384.540973 GRO
|p 3020000424
|r 2015-03-12
|t 1
|w 2015-03-12
|y BK
|